Commonwealth of Nations Countries - Statistics

General Stats
  • This quiz has been taken 23 times
  • The average score is 41 of 54
Answer Stats
Answer % Correct
Australia
96%
Bahamas
91%
New Zealand
91%
United Kingdom
91%
Belize
87%
Botswana
87%
Canada
87%
Guyana
87%
Kenya
87%
South Africa
87%
Barbados
83%
Fiji
83%
India
83%
Jamaica
83%
Saint Vincent and the Grenadines
83%
St Kitts and Nevis
83%
Tanzania
83%
Vanuatu
83%
Namibia
78%
Nauru
78%
Pakistan
78%
Rwanda
78%
Saint Lucia
78%
Samoa
78%
Tuvalu
78%
Uganda
78%
Zambia
78%
Antigua and Barbuda
74%
Bangladesh
74%
Ghana
74%
Grenada
74%
Malaysia
74%
Papua New Guinea
74%
Solomon Islands
74%
Sri Lanka
74%
Tonga
74%
Trinidad and Tobago
74%
Cyprus
70%
Dominica
70%
Kiribati
70%
Malta
70%
Mozambique
70%
Nigeria
70%
The Gambia
70%
Lesotho
65%
Malawi
65%
Mauritius
65%
Singapore
65%
Eswatini
61%
Seychelles
61%
Sierra Leone
61%
Brunei
57%
Cameroon
57%
Maldives
57%
No matching quizzes found
Score Distribution
Percent of People with Each Score
Percentile by Number Answered
Your Score History
You have not taken this quiz